Statistics for Name the NFL Team by QB, RB1, and WR1 numbers

Click here to take the quiz!

General Stats

  • This quiz has been taken 89 times
  • The average score is 14 of 32

Answer Stats

HintAnswer% Correct
QB#9 RB#28 WR#1Cincinnati Bengals
86%
QB#8 RB#4 WR#18Minnesota Vikings
64%
QB#1 RB#6 WR#10Arizona Cardinals
61%
QB#15 RB#25 WR#17Kansas City Chiefs
61%
QB#16 RB#32 WR#14Detroit Lions
55%
QB#12 RB#7 WR#13Tampa Bay Buccaneers
55%
QB#4 RB#28 WR#17Las Vegas Raiders
53%
QB#1 RB#26 WR#11Philadelphia Eagles
52%
QB#8 RB#27 WR#7Baltimore Ravens
50%
QB#4 RB#21 WR#88Dallas Cowboys
47%
QB#17 RB#26 WR#14Buffalo Bills
45%
QB#1 RB#32 WR#11Chicago Bears
45%
QB#9 RB#27 WR#10Los Angeles Rams
45%
QB#12 RB#33 WR#13Green Bay Packers
44%
QB#7 RB#84 WR#5Atlanta Falcons
39%
QB#3 RB#33 WR#14Denver Broncos
39%
QB#10 RB#30 WR#13Los Angeles Chargers
39%
QB#2 RB#41 WR#13New Orleans Saints
39%
QB#8 RB#26 WR#89New York Giants
39%
QB#1 RB#31 WR#10Miami Dolphins
38%
QB#6 RB#30 WR#2Carolina Panthers
36%
QB#10 RB#37 WR#16New England Patriots
36%
QB#10 RB#23 WR#19San Francisco 49ers
36%
QB#7 RB#9 WR#14Seattle Seahawks
36%
QB#17 RB#22 WR#2Tennessee Titans
36%
QB#11 RB#8 WR#17Washington Commanders
36%
QB#10 RB#31 WR#13Houston Texans
34%
QB#16 RB#1 WR#13Jacksonville Jaguars
33%
QB#2 RB#20 WR#8New York Jets
33%
QB#4 RB#24 WR#2Cleveland Browns
31%
QB#4 RB#28 WR#11Indianapolis Colts
27%
QB#8 RB#22 WR#18Pittsburgh Steelers
27%

Score Distribution

Percentile by Number Answered

Percent of People with Each Score

Your Score History

You have not taken this quiz